000 00420cam a2200169 4500
001 D12326
008 090401t1937 xxu||||| |||| 00| 0 eng d
035 _a(Sirsi) u2655
041 _aeng
100 _aCamauer, Fernand
245 _aUnion des Geometres- Experts de Brusselles...Notice historique 1876-1936
260 _aBrussells
_c1937
350 _a0
520 _aShelf 177
942 _n0
948 _c04/03/1997
999 _c85794
_d85794